000 00573nam a2200205Ia 4500
005 20250923145119.0
008 008 250917s9999 xx 000 0 eng d
037 _aTextual
040 _aDSWL
_beng
_cDSWL
041 _aeng
_2eng
084 _aL7:4:6924, K68
_qDSWL
100 _aRosen, George
_9831911
245 0 _aModness in society
_cby George Rosen
260 _aLondon
_bRoutledge & Kegan Paul Ltd.
_c1968
300 _a262 p.
365 _aINR
_b42
925 _g42
942 _cTEXL
_hL7:4:6924, K68
999 _c1447284
_d1447284